| 000 | 00525cam a2200217ua 4500 | ||
|---|---|---|---|
| 020 | _c3.00 | ||
| 041 |
_aeng _h |
||
| 082 |
_a530 _bOUS/TE |
||
| 100 | _aOuseph, C C. | ||
| 245 |
_aText book of practical physics, Part-2 / _cC.C.Ouseph. _hTextual Documents |
||
| 260 |
_aChennai : _bS.Viswanathan , _c1966. |
||
| 300 | _a291 ; . | ||
| 365 | _a3.00 | ||
| 504 | _a | ||
| 700 | 1 | _aDevassey, C P. | |
| 700 | 1 | _aThomas, S L. | |
| 942 | _cBK | ||
| 999 |
_c10141 _d10141 |
||